Efektívnosť vyhľadávania informácií na internete ako zložka výkonnosti organizácií
Problemetika merania výkonnoti časti vzdelávancieho procesu formou hodnotenia efektívnosti vyhľadávania online informácií na internete. Výkonnosť vysokoškolského vzdelávacieho procesu a pracovných činností študentov, budúcich manažérov.
Na minha lista:
| Autor principal: | |
|---|---|
| Outros Autores: | |
| Formato: | Capítulo de Livro |
| Idioma: | eslovaco |
| Assuntos: | |
| Tags: |
Sem tags, seja o primeiro a adicionar uma tag!
|
MARC
| LEADER | 00000nla a2200000 4500 | ||
|---|---|---|---|
| 001 | 0213178 | ||
| 005 | 20240502073540.9 | ||
| 041 | 0 | |a slo | |
| 044 | |a SK | ||
| 245 | 1 | 0 | |a Efektívnosť vyhľadávania informácií na internete ako zložka výkonnosti organizácií |c Cyril Závadský, Monika Čonková |
| 520 | |a Problemetika merania výkonnoti časti vzdelávancieho procesu formou hodnotenia efektívnosti vyhľadávania online informácií na internete. Výkonnosť vysokoškolského vzdelávacieho procesu a pracovných činností študentov, budúcich manažérov. | ||
| 610 | 2 | 0 | |a vzdelávanie vysokoškolské |
| 610 | 2 | 0 | |a štúdium vysokoškolské |
| 610 | 2 | 0 | |a kvalita vzdelávania |
| 610 | 2 | 0 | |a efektívnosť vzdelávania |
| 610 | 2 | 0 | |a technológie informačné |
| 610 | 2 | 0 | |a technológie komunikačné |
| 610 | 2 | 0 | |a internet |
| 610 | 2 | 0 | |a informácie |
| 100 | 1 | |a Závadský, Cyril, 1971- | |
| 700 | 1 | |a Čonková, Monika, 1976- | |